| 000 -ლიდერი |
| ფიქსირებული სიგრძის საკონტროლო ველი |
02496nam a22002417a 4500 |
| 003 - საკონტროლო ნომრის იდენტიფიკატორი |
| საკონტროლო ველი |
Ge_BSU |
| 005 - ბოლო ოპერაციის თარიღი და დრო |
| საკონტროლო ველი |
20240712135319.0 |
| 008 - ფიქსირებული სიგრძის მონაცემთა ელემენტები - ზოგადი ინფორმაცია |
| ფიქსირებული სიგრძის საკონტროლო ველი |
240712s2023 ge ||||| |||| 00| 0 geo d |
| 020 ## - წიგნის საერთაშორისო სტანდარტული ნომერი |
| International Standard Book Number |
9789941856433 |
| 041 ## - ენის კოდი |
| Language code of text/sound track or separate title |
geo |
| 080 ## - უნივერსალური ათობითი კლასიფიკაციის ინდექსი |
| Universal Decimal Classification number |
616.314-089(038)პ-19 |
| 245 ## - ცნობა სათაურის შესახებ |
| Title |
პაროდონტოლოგიურ-იმპლანტოლოგიური ტერმინების ინგლისურ-ქართული განმარტებითი ლექსიკონი / |
| Statement of responsibility, etc |
სარედაქციო საბჭო: ქეთევან გოგილაშვილი, თეა ნაცვლიშვილი და სხვ. |
| 264 ## - წარმოების, გამოცემის, დისტრიბუციის და სხვა ცნობები |
| გამოცემის, წარმოების, დისტრიბუციის... ადგილი |
თბილისი: |
| გამოცემის, წარმოების, დისტრიბუციის... სახელწოდება |
გ.გ. |
| გამოცემის, წარმოების, დისტრიბუციის... თარიღი |
2023. |
| 300 ## - ფიზიკური აღწერა |
| Extent |
269 გვ:. |
| Other physical details |
20სმ. |
| 504 ## - BIBLIOGRAPHY, ETC. NOTE |
| Bibliography, etc |
ბიბლიოგრაფ.გვ:250-269 |
| 653 ## - INDEX TERM--UNCONTROLLED |
| Uncontrolled term |
სტომატოლოია |
| 653 ## - INDEX TERM--UNCONTROLLED |
| Uncontrolled term |
მედიცინა |
| 653 ## - INDEX TERM--UNCONTROLLED |
| Uncontrolled term |
ინგლისურ-ქართული განმარტებითი ლექსიკონი სრულად მოიცავს პაროდონტოლოგიისა და დენტალური იმპლანტოლოგიის მიმართულებებს, რითაც მნიშვნელოვან დახმარებას გაუწევს დარგის სპეციალისტებს, სტუდენტებსა და მკვლევარებს. ლექსიკონში წარმოდგენილია 1400-მდე ტერმინისა და ფრაზის ანბანური კატალოგი. აღნიშნული ტერმინები ყოველდღიურ გამოყენებაშია როგორც კლინიკურ პრაქტიკაში, ისე საგანმანათლებლო სივრცეში. |
| 700 ## - ADDED ENTRY--PERSONAL NAME |
| Personal name |
გოგილაშვილი, ქეთევან |
| Relator term |
სარედაქციო საბჭო |
| 9 (RLIN) |
22817 |
| 700 ## - ADDED ENTRY--PERSONAL NAME |
| Personal name |
ნაცვლიშვილი, თეა |
| Relator term |
სარედაქციო საბჭო |
| 9 (RLIN) |
10193 |
| 710 ## - ADDED ENTRY--CORPORATE NAME |
| Corporate name or jurisdiction name as entry element |
საქართველოს პაროდონტოლოგიისა და იმპლანტოლოგიის საზოგადოების სარედაქციო ჯგუფი |
| 9 (RLIN) |
22818 |
| 942 ## - ADDED ENTRY ELEMENTS (KOHA) |
| Source of classification or shelving scheme |
|
| Koha item type |
წიგნი |